[Event "Let's Play Chess!"]
[Site "http://www.queenalice.com/game.php?id=663669"]
[Date "2009.10.6"]
[Round "-"]
[White "spawnwolfwolverine"]
[Black "okty2k"]
[Result "1-0"]
[WhiteElo "1674"]
[BlackElo "1210"]

1. d4 d5 2. e3 c6 3. g3 Qd6 4. Bg2 g6 5. Nf3 c5 6. O-O Bg4 7. Bd2 f5 8. a3 Nf6
9. c3 Ne4 10. b4 cxd4 11. cxd4 Qa6 12. h3 Bxf3 13. Bxf3 Nc6 14. Bxe4 fxe4 15.
Nc3 e5 16. dxe5 Nxe5 17. Nxd5 Qc6 18. Bc3 Bg7 19. Bxe5 Bxe5 20. Rc1 Qe6 21. Nc7+
Bxc7 22. Rxc7 Qxh3 23. Rxb7 Qc8 24. Qd5 Qd8 25. Qxe4+ Kf8 26. Rc1 h5 27. Qxg6
Qe8 28. Qxe8+ Kxe8 29. Rcc7 Rf8 30. Re7+ Kd8 31. f4 Re8 32. Rxe8+ Kxe8 33. Rh7
Rd8 34. Rh8+ Kd7 35. Rxd8+ Kxd8 36. Kg2 Kc7 37. f5 1-0

[Event "Hello friend! I"]
[Site "http://www.queenalice.com/game.php?id=663755"]
[Date "2009.10.6"]
[Round "-"]
[White "traub"]
[Black "okty2k"]
[Result "1-0"]
[WhiteElo "1960"]
[BlackElo "1216"]

1. f4 f5 2. d3 b6 3. Nf3 Bb7 4. c3 c5 5. Qc2 Nc6 6. e4 e6 7. Be3 h6 8. Nbd2 Ba6
9. Ne5 Nxe5 10. fxe5 Be7 11. Bf2 g6 12. O-O-O d6 13. Nf3 d5 14. Nh4 Bxh4 15.
exf5 gxf5 16. g3 Bg5+ 17. Kb1 Ne7 18. Bg2 Nc6 19. h4 Nxe5 20. hxg5 Qxg5 21. Rhe1
Bxd3 22. Rxd3 Rd8 23. Rxe5 Kf7 24. Rf3 Kf6 25. Qe2 Rd6 26. Bh3 d4 27. g4 Rd5 28.
Bg3 Re8 29. gxf5 1-0

[Event "AUTO-BEG-345"]
[Site "http://www.queenalice.com/game.php?id=663860"]
[Date "2009.10.7"]
[Round "1"]
[White "Cleide"]
[Black "okty2k"]
[Result "1-0"]
[WhiteElo "1185"]
[BlackElo "1158"]

1. e3 g5 2. d4 d5 3. c4 Nf6 4. Nf3 Bg4 5. Be2 Ne4 6. O-O h5 7. Ne5 Nd7 8. f3
Nxe5 9. dxe5 Bf5 10. fxe4 Bxe4 11. Nc3 Bg6 12. cxd5 f6 13. e6 Qd6 14. Nb5 Qb6
15. Bd2 c6 16. Qa4 a6 17. Rac1 c5 18. Nc7+ Kd8 19. Qd7# 1-0

[Event "AUTO-BEG-345"]
[Site "http://www.queenalice.com/game.php?id=663861"]
[Date "2009.10.7"]
[Round "1"]
[White "okty2k"]
[Black "Cleide"]
[Result "0-1"]
[WhiteElo "1143"]
[BlackElo "1216"]

1. Nc3 e6 2. Nf3 f5 3. Ne5 Bd6 4. d4 Nc6 5. f4 Nf6 6. e3 Bb4 7. a3 Bxc3+ 8. bxc3
d6 9. Qh5+ Nxh5 10. Nxc6 bxc6 11. c4 d5 12. g3 Ba6 13. c5 Bxf1 14. Rxf1 O-O 15.
c3 Nf6 16. Bd2 Ne4 17. Ra2 Qb8 18. Ke2 Qb3 19. Raa1 Qb2 20. Rfd1 Rf6 21. a4
Nxc3+ 22. Ke1 Nxd1 23. Rxd1 Rh6 24. h4 Qb3 25. a5 Rg6 26. Kf2 Qc2 27. h5 Rg4 0-1

[Event "AUTO-BEG-345"]
[Site "http://www.queenalice.com/game.php?id=663876"]
[Date "2009.10.7"]
[Round "1"]
[White "okty2k"]
[Black "josa23"]
[Result "0-1"]
[WhiteElo "1227"]
[BlackElo "1411"]

1. g3 e5 2. e4 Nc6 3. Bb5 Nf6 4. Nc3 Bb4 5. Nf3 Qe7 6. a3 Bxc3 7. dxc3 a6 8.
Bxc6 dxc6 9. b4 Nxe4 10. O-O Nxc3 11. Qe1 Nd5 12. Nxe5 O-O 13. f4 Re8 14. c4 Nb6
15. Be3 f6 16. Bxb6 cxb6 17. Qc3 fxe5 18. fxe5 Bh3 19. Rf4 Qxe5 20. Qxe5 Rxe5
21. Rd1 Rae8 22. Rfd4 Rf8 23. Rh4 Bf5 24. g4 Bc2 25. Rd7 Re1+ 26. Kg2 Be4+ 27.
Kg3 Rf3+ 28. Kg2 Rd3+ 29. Kf2 Rxd7 30. Kxe1 Rd4 31. c5 bxc5 32. bxc5 Ra4 33. g5
Bc2 34. Rxa4 Bxa4 35. Kf2 Kf7 36. Kf3 Ke6 37. h4 Kf5 38. Kg3 h6 0-1

[Event "AUTO-BEG-345"]
[Site "http://www.queenalice.com/game.php?id=663877"]
[Date "2009.10.7"]
[Round "1"]
[White "josa23"]
[Black "okty2k"]
[Result "1-0"]
[WhiteElo "1420"]
[BlackElo "1218"]

1. e4 e5 2. Nf3 Nc6 3. Bc4 Qe7 4. Nc3 Nf6 5. d3 d6 6. Bg5 Be6 7. Bb3 h6 8. Nd5
Qd8 9. Nxf6+ gxf6 10. Bh4 Nd4 11. Nxd4 exd4 12. Qf3 Be7 13. O-O-O Bxb3 14. axb3
a5 15. c3 dxc3 16. bxc3 a4 17. bxa4 Rxa4 18. Kd2 c5 19. Rhe1 Qa5 20. Bxf6 Ra2+
21. Ke3 Rf8 22. Bxe7 Kxe7 23. Rb1 b5 24. e5 dxe5 25. Qb7+ Kf6 26. Qc6+ Kg7 27.
Qxc5 Rb8 28. Qxe5+ Kg8 29. Qxb8+ Kg7 30. Qxb5 Qa7+ 31. Kf3 Qa8+ 32. Re4 Ra5 33.
Qd7 h5 34. Rb5 Rxb5 35. Qxb5 Qd8 36. Qe5+ Kg8 37. Qe8+ Qxe8 38. Rxe8+ 1-0

[Event "AUTO-BEG-345"]
[Site "http://www.queenalice.com/game.php?id=663878"]
[Date "2009.10.7"]
[Round "1"]
[White "okty2k"]
[Black "lucca"]
[Result "0-1"]
[WhiteElo "1222"]
[BlackElo "1104"]

1. g3 e5 2. Bg2 d5 3. f4 exf4 4. gxf4 Qh4+ 5. Kf1 Qxf4+ 6. Nf3 c6 7. e3 Qf6 8.
d4 Bg4 9. Nd2 Nd7 10. h3 Bxf3 11. Bxf3 O-O-O 12. Qe2 Nh6 13. Ke1 Qh4+ 14. Kd1
Re8 15. Nb3 Bd6 16. Bd2 Nf5 17. Qe1 Bg3 18. Qe2 Bf2 19. Rh2 Nxe3+ 20. Bxe3 Bxe3
21. c4 Bf4 22. Qxe8+ Rxe8 23. Kc2 Bxh2 24. Kc3 Re3+ 25. Kb4 Rxf3 26. Nc5 Bd6 27.
Ka5 b6+ 28. Ka6 bxc5 29. dxc5 Bxc5 30. a4 Qxc4+ 0-1

[Event "AUTO-BEG-345"]
[Site "http://www.queenalice.com/game.php?id=663879"]
[Date "2009.10.7"]
[Round "1"]
[White "lucca"]
[Black "okty2k"]
[Result "1-0"]
[WhiteElo "1088"]
[BlackElo "1200"]

1. e4 e5 2. f4 Qh4+ 3. g3 Qf6 4. d3 c5 5. Nc3 d6 6. Nd5 Qd8 7. Bh3 Qa5+ 8. Bd2
Qb5 9. Nc7+ Kd8 10. Nxb5 exf4 11. Bxf4 a6 12. Nxd6 Bxd6 13. Bxd6 Nd7 14. Qg4 Ne5
15. Qxc8+ Rxc8 16. Bxc8 Kxc8 17. Bxe5 f6 18. Bd6 b6 19. a4 a5 20. O-O-O Kd7 21.
Bf4 g5 22. Be3 Ne7 23. d4 c4 24. Nf3 Nc6 25. d5 Ne5 26. Nxe5+ fxe5 27. Bxb6 Ra8
28. Rhf1 Ra6 29. Be3 h6 30. Bc5 Rg6 31. d6 Rg7 32. Bb6 Kc6 33. Bxa5 Ra7 34. Rd5
1-0

[Event "Let's Play Chess!"]
[Site "http://www.queenalice.com/game.php?id=664438"]
[Date "2009.10.8"]
[Round "-"]
[White "okty2k"]
[Black "BobySponja"]
[Result "0-1"]
[WhiteElo "1202"]
[BlackElo "1659"]

1. e4 e5 2. d4 Nc6 3. Nf3 Nf6 4. Bg5 h6 5. Bxf6 gxf6 6. Bb5 a6 7. Bxc6 dxc6 8.
c3 exd4 9. cxd4 Bg4 10. O-O Bxf3 11. Qxf3 Qxd4 12. Rd1 Qe5 13. Rd2 Bd6 14. g3 h5
15. Qb3 O-O-O 16. Nc3 h4 17. Ne2 hxg3 18. fxg3 Qxe4 19. Qd3 Qxd3 20. Rxd3 Bc5+
21. Nd4 Bxd4+ 22. Kg2 Bxb2 23. Rxd8+ Rxd8 24. Rf1 b5 25. h4 Be5 0-1

[Event "Let's Play Chess 11"]
[Site "http://www.queenalice.com/game.php?id=664473"]
[Date "2009.10.8"]
[Round "-"]
[White "Bergman"]
[Black "okty2k"]
[Result "1-0"]
[WhiteElo "2853"]
[BlackElo "1147"]

1. e4 e5 2. d4 exd4 3. c3 dxc3 4. Bc4 Qe7 5. Nxc3 d6 6. Nf3 Bg4 7. Be3 Nf6 8.
O-O Nxe4 9. Nxe4 Qxe4 10. Qa4+ c6 11. Bxf7+ Kxf7 12. Ng5+ Ke7 13. Qxe4+ Kd7 14.
Qxg4+ Ke7 15. Rfe1 Nd7 16. Bb6+ Ne5 17. Qe6# 1-0

[Event "Let's Play Chess!"]
[Site "http://www.queenalice.com/game.php?id=664479"]
[Date "2009.10.8"]
[Round "-"]
[White "igorjava"]
[Black "okty2k"]
[Result "1-0"]
[WhiteElo "1961"]
[BlackElo "1174"]

1. e4 e5 2. f4 Nc6 3. Nf3 d6 4. Bb5 a6 5. Ba4 b5 6. Bb3 Be6 7. fxe5 dxe5 8. Bxe6
fxe6 9. O-O Nd4 10. Nxe5 Bc5 11. Kh1 Nh6 12. c3 Ndf5 13. exf5 1-0

[Event "Let's Play Chess!"]
[Site "http://www.queenalice.com/game.php?id=664480"]
[Date "2009.10.8"]
[Round "-"]
[White "okty2k"]
[Black "igorjava"]
[Result "0-1"]
[WhiteElo "1172"]
[BlackElo "1963"]

1. e4 c5 2. c4 d6 3. Nc3 Nc6 4. Nge2 Nf6 5. d3 e5 6. Nd5 Nxd5 7. cxd5 Nd4 8.
Nxd4 cxd4 9. Be2 Be7 10. O-O O-O 11. Bd2 f5 12. f3 f4 0-1

[Event "Let's Play Chess!"]
[Site "http://www.queenalice.com/game.php?id=664481"]
[Date "2009.10.8"]
[Round "-"]
[White "okty2k"]
[Black "Bergman"]
[Result "0-1"]
[WhiteElo "1145"]
[BlackElo "2864"]

1. d4 d5 2. Nf3 Nf6 3. Bg5 Ne4 4. Nc3 c5 5. e3 Qa5 6. Bb5+ Nc6 7. Bxc6+ bxc6 8.
O-O f6 9. h4 cxd4 10. exd4 Nxc3 11. bxc3 fxg5 12. Nxg5 Qxc3 13. Qh5+ g6 14. Qf3
Qxf3 15. gxf3 h6 16. f4 hxg5 17. fxg5 Bg7 18. c3 Rxh4 19. Rab1 Bf5 20. Rbe1 Rg4+
21. Kh2 Kf7 0-1

[Event "Let's Play Chess!"]
[Site "http://www.queenalice.com/game.php?id=664612"]
[Date "2009.10.8"]
[Round "-"]
[White "burnthepoliticians"]
[Black "okty2k"]
[Result "1-0"]
[WhiteElo "1572"]
[BlackElo "1214"]

1. e4 e5 2. Nf3 Nc6 3. Bc4 Qe7 4. O-O Nf6 5. Nc3 Nb4 6. Ng5 Nfd5 7. exd5 d6 8.
Nf3 Bg4 9. h3 Bxf3 10. gxf3 Qh4 11. a3 Qxc4 12. axb4 Qxb4 13. Ra4 Qc5 14. b4 Qb6
15. b5 c5 16. bxc6 bxc6 17. dxc6 Qxc6 18. Re1 f6 19. Qe2 Kf7 20. Qc4+ Qxc4 21.
Rxc4 Be7 22. Rc7 Rhc8 23. Rxc8 Rxc8 24. Bb2 Rc5 25. Ra1 a5 26. Kf1 a4 27. Rxa4
g5 28. Ra7 h5 29. Ba3 Rc4 30. Bxd6 Rd4 31. Bxe7 Rxd2 32. Bb4+ Kg6 33. Nd5 Rxc2
34. Bf8 g4 35. fxg4 1-0

[Event "Let's Play Chess!"]
[Site "http://www.queenalice.com/game.php?id=664613"]
[Date "2009.10.8"]
[Round "-"]
[White "burnthepoliticians"]
[Black "okty2k"]
[Result "1-0"]
[WhiteElo "1618"]
[BlackElo "1233"]

1. e4 c5 2. Nf3 Nf6 3. d4 Nxe4 4. dxc5 Nxc5 5. Nc3 Nc6 6. Be3 b6 7. Bb5 e6 8.
O-O a6 9. Bxc6 dxc6 10. Ne5 Qxd1 11. Rfxd1 Nd7 12. Nxc6 Bc5 13. Bxc5 bxc5 14.
Rd2 Bb7 15. Rad1 Bxc6 16. Ne4 f5 17. Nd6+ Ke7 18. Nc4 Rhd8 19. a3 Bb5 20. b3 g5
21. a4 Bxc4 22. bxc4 Ne5 23. g3 Nf3+ 24. Kg2 Nxd2 25. c3 Ne4 26. Rb1 Nxc3 27.
Rb7+ Rd7 28. Rb3 Nxa4 29. Ra3 Nb6 30. Ra5 Nxc4 31. Ra4 Rd4 32. Ra2 a5 33. Ra4
Rb8 34. Ra2 e5 35. Ra4 f4 36. gxf4 gxf4 37. Kf3 Nd2+ 38. Ke2 f3+ 39. Ke1 Rxa4
40. Kxd2 Rd8+ 41. Ke3 1-0

[Event "Let's Play Chess!"]
[Site "http://www.queenalice.com/game.php?id=664614"]
[Date "2009.10.8"]
[Round "-"]
[White "burnthepoliticians"]
[Black "okty2k"]
[Result "1/2-1/2"]
[WhiteElo "1553"]
[BlackElo "1174"]

1. e4 e5 2. Nf3 Nc6 3. Bc4 Qe7 4. O-O d6 5. Nc3 Be6 6. Bxe6 Qxe6 7. Nd5 O-O-O 8.
Ng5 Qd7 9. Qf3 f6 10. Nh3 Nge7 11. Nxe7+ Bxe7 12. d3 Nd4 13. Qe3 b6 14. Qd2 h6
15. f3 g5 16. Nf2 Bf8 17. c3 Nb5 18. a4 Be7 19. axb5 a5 20. bxa6 c5 21. a7 Kb7
22. Ra2 Qc7 23. Qc2 Ra8 24. Qa4 h5 25. d4 exd4 26. cxd4 cxd4 27. Nd3 1/2-1/2

[Event "Let's Play Chess!"]
[Site "http://www.queenalice.com/game.php?id=664615"]
[Date "2009.10.8"]
[Round "-"]
[White "burnthepoliticians"]
[Black "okty2k"]
[Result "1-0"]
[WhiteElo "1574"]
[BlackElo "1212"]

1. e4 e5 2. Nf3 Nc6 3. Bc4 Qe7 4. O-O d6 5. Nc3 Be6 6. Bxe6 Qxe6 7. Nd5 O-O-O 8.
Ng5 Qd7 9. Qf3 f6 10. Nh3 Nge7 11. d3 Nxd5 12. exd5 Nd4 13. Qd1 c6 14. dxc6 Qxc6
15. c3 Nf5 16. f3 h6 17. b3 d5 18. Nf2 Qxc3 19. Bd2 Qxa1 20. Qxa1 d4 21. Ne4 Ne3
22. Bxe3 f5 23. Bxd4 exd4 24. Rc1+ Kb8 25. Rc2 fxe4 26. fxe4 Be7 27. Rc4 Bf6 28.
a4 Rc8 29. Rxc8+ Kxc8 30. Qc1+ Kb8 31. Qe1 g5 32. Qg3+ Ka8 33. Qd6 Rf8 34. Qxf8+
1-0

[Event "Let's Play Chess!"]
[Site "http://www.queenalice.com/game.php?id=664616"]
[Date "2009.10.8"]
[Round "-"]
[White "burnthepoliticians"]
[Black "okty2k"]
[Result "1-0"]
[WhiteElo "1614"]
[BlackElo "1237"]

1. e4 c5 2. Nf3 d5 3. exd5 Qxd5 4. Bb5+ Bd7 5. Bxd7+ Nxd7 6. Nc3 Qe6+ 7. Qe2
Qxe2+ 8. Nxe2 e6 9. d4 Ngf6 10. Bg5 h6 11. Bf4 cxd4 12. O-O-O Ne4 13. Rxd4 Nxf2
14. Rf1 Ng4 15. Rfd1 Nf2 16. R1d2 f6 17. Rxd7 Rd8 18. Rxd8+ Kf7 19. R2d7+ Kg6
20. Nh4+ Kh5 21. g3 g5 22. Bxg5 hxg5 23. Ng2 Kg4 24. Ne1 Kh3 25. Rxb7 a6 26. Ra7
Ne4 27. Rxa6 Kxh2 28. Rxe6 Nxg3 29. Nxg3 Kxg3 30. Re4 Rh4 31. Rxh4 gxh4 32. Rxf8
h3 33. Rh8 f5 34. Rf8 f4 35. a4 h2 36. Rh8 Kf2 37. Kd1 Kg1 38. Rxh2 Kxh2 39. a5
Kg3 40. a6 f3 41. Nxf3 Kxf3 42. a7 1-0

[Event "Let's Play Chess!"]
[Site "http://www.queenalice.com/game.php?id=664617"]
[Date "2009.10.8"]
[Round "-"]
[White "burnthepoliticians"]
[Black "okty2k"]
[Result "1-0"]
[WhiteElo "1616"]
[BlackElo "1235"]

1. e4 c5 2. Nf3 d5 3. Bb5+ Bd7 4. Bxd7+ Qxd7 5. O-O f5 6. Ne5 Qe6 7. d4 Nc6 8.
Nxc6 bxc6 9. Qh5+ g6 10. Qd1 dxe4 11. dxc5 Nf6 12. Re1 Rd8 13. Nd2 Bh6 14. Qe2
O-O 15. Qc4 Qxc4 16. Nxc4 Bxc1 17. Raxc1 Rd4 18. b3 h5 19. Red1 Rxd1+ 20. Rxd1
Ng4 21. Rd7 Rf7 22. h3 Nf6 23. Rxa7 e6 24. Rxf7 Kxf7 25. Kf1 Nd5 26. Ne5+ Kf6
27. Nxc6 e3 28. fxe3 Nxe3+ 29. Kf2 Nxc2 30. a4 e5 31. a5 Na3 32. a6 Nb5 33. a7
Nxa7 34. Nxa7 f4 35. b4 Ke6 36. b5 e4 37. c6 e3+ 38. Ke2 Kd6 39. b6 g5 40. c7
1-0

[Event "Let's Play Chess!"]
[Site "http://www.queenalice.com/game.php?id=664618"]
[Date "2009.10.8"]
[Round "-"]
[White "burnthepoliticians"]
[Black "okty2k"]
[Result "0-1"]
[WhiteElo "1539"]
[BlackElo "1188"]

1. e4 e5 2. Nf3 Nc6 3. Bc4 Qe7 4. O-O d6 5. Nc3 Be6 6. Bxe6 Qxe6 7. Nd5 O-O-O 8.
Ng5 Qd7 9. Qf3 f6 10. Nh3 Nd4 11. Qc3 Ne2+ 12. Kh1 Nxc3 13. bxc3 c6 14. Ne3 d5
15. Bb2 dxe4 16. Rfe1 Qxd2 17. Red1 Bc5 18. Rxd2 Rxd2 19. Kg1 Bxe3 20. fxe3 Rxc2
21. Rb1 Rd2 22. Nf2 f5 23. c4 Nh6 24. Bxe5 Rg8 25. a3 g5 26. Bc3 Re2 27. Bd4 a6
28. Kf1 Rc2 29. Rb4 Ng4 30. Nxg4 fxg4 31. Ke1 Rxg2 0-1

[Event "Let's Play Chess!"]
[Site "http://www.queenalice.com/game.php?id=665105"]
[Date "2009.10.9"]
[Round "-"]
[White "okty2k"]
[Black "Krajnicov"]
[Result "0-1"]
[WhiteElo "1231"]
[BlackElo "1539"]

1. e4 e5 2. Nf3 Qf6 3. Nc3 c6 4. d4 exd4 5. Nxd4 Bc5 6. Be3 Bb4 7. a3 Ba5 8. b4
Bc7 9. g3 Be5 10. f4 Bc7 11. Qf3 Bb6 12. Nce2 d6 13. c3 Nh6 14. h3 c5 15. Nb5
Bd7 16. e5 Qd8 17. Qxb7 Bc6 18. Nxd6+ Kf8 19. Qxa8 Bxa8 20. bxc5 Ba5 21. Rh2 Qc7
22. Bg2 Bxg2 23. Rxg2 Qc6 24. Kf2 Ke7 25. Nd4 Qa6 26. Bd2 Qd3 0-1